| 000 | 00567nam a2200181 i 4500 | ||
|---|---|---|---|
| 001 | 74970 | ||
| 003 | ES-MaACL | ||
| 005 | 20230906172314.0 | ||
| 007 | t| | ||
| 008 | 040921s1976 sp ||||1| spa d | ||
| 100 | 1 |
_aGoth, Andrés. _959280 |
|
| 245 | 1 | 0 |
_aFarmacología médica _b: principios y conceptos / _cAndrés Goth... ; traducido por... Alberto Folch y Pi. |
| 250 | _a7ª ed. | ||
| 260 |
_a[Madrid] : _bInteramericana, _c1976. |
||
| 300 |
_aVIII, 636 p. : _bil. ; _c25 cm. |
||
| 700 | 1 |
_aFolch i Pi, Alberto. _951452 |
|
| 852 |
_aES-MaACL _jA-10836 _bR.100126 |
||
| 999 |
_c74970 _d74970 |
||